00510nam a22002057a 450000500170000001000130001702000100003003500130004003700160005304000120006908200130008110000180009424500480011226000350016027000360019530000280023165000210025965000210028070000030030120170124110026.0 aB-063166 c00.00 aB-063166 bCen Lib/Ret aDPLbEN a574bVOH aVohra, Deepak aNatures fact fantasy /cby Deepak Vohrab  aNew DelhibUBSpublishersc1994 aAnsari Road bNew Delhie110002 a134p. :c21cm(Hb)bill. a Natural Science aNatural history